<?xml version="1.0" encoding="UTF-8"?>
<collection xmlns:xsi="http://www.w3.org/2001/XMLSchema-instance" xsi:schemaLocation="http://www.loc.gov/MARC21/slim http://www.loc.gov/standards/marcxml/schema/MARC21slim.xsd" xmlns="http://www.loc.gov/MARC21/slim">
 <record>
  <leader>00000cab a22000004cb4500</leader>
  <controlfield tag="001">IPP-00000235361</controlfield>
  <controlfield tag="003">IPP</controlfield>
  <controlfield tag="005">20170818165350.0</controlfield>
  <controlfield tag="008">170818s2007    xx     d | ||r |||||eng||</controlfield>
  <datafield tag="041" ind1="#" ind2="#">
   <subfield code="a">eng</subfield>
  </datafield>
  <datafield tag="100" ind1="1" ind2="#">
   <subfield code="a">Yting, Cristilyn</subfield>
  </datafield>
  <datafield tag="245" ind1="1" ind2="0">
   <subfield code="a">The role of improved physical aspect among Bus2a students</subfield>
  </datafield>
  <datafield tag="264" ind1="#" ind2="1">
   <subfield code="c">2007</subfield>
  </datafield>
  <datafield tag="520" ind1="#" ind2="#">
   <subfield code="a">This study aimed to assess the role of Bus2a course in the students' improved physical aspect and relate it with their self-confidence. The respondents of the study were students of the College of Business and Accountancy at La Salle University (LSU) second semester SY 2006-2007. The questionnaire used was adapted from Santos (1974, 2006) &quot;Personality Development for for the Woman of Today&quot; and Charm and Personality&quot;.</subfield>
  </datafield>
  <datafield tag="650" ind1="1" ind2="0">
   <subfield code="a">Personality development</subfield>
  </datafield>
  <datafield tag="773" ind1="0" ind2="#">
   <subfield code="t">La Sallian research forum</subfield>
   <subfield code="g">Vol. 12, no. 5 (2007), 96-107</subfield>
  </datafield>
  <datafield tag="942" ind1="#" ind2="#">
   <subfield code="a">Article</subfield>
  </datafield>
  <datafield tag="950" ind1="#" ind2="#">
   <subfield code="a">FI</subfield>
  </datafield>
 </record>
</collection>
